• 首页
  • 本馆介绍
  • 公告通知
  • 最新文献
  • 馆藏检索
  • 电子资源
  • 读者导购
  • 参考咨询
  • 我的图书馆
  • 登录
  • 详细信息显示
  • 放入我的书架
  • 预约/预借图书
  • 作者相关作品
  • 分类相关作品
  • 丛书相关作品
  • 出版社相关作品

书目信息

  • 表格格式
  • 工作单格式
  • 卡片格式
题名:
外国名家诗选
    
 
作者: 邹绛 编
分册: 第一册  
出版信息: 重庆   重庆出版社  1983.8
页数: 386页
开本: 19cm
丛书名:
单 册:
中图分类: I12
科图分类:
主题词: 文学--作品集--世界
电子资源:
ISBN:
000 00563nam0 2200205 45
001 0312221749
005 20040418150526.2
010    @dCNY1.22
091    @a10114.62
100    @a20031222d1983 km y0chiy0120 ea
101    @achi
105    @a z 000yy
200 1  @a外国名家诗选@h第一册@AWai Guo Ming Jia Shi Xuan@f邹绛编@FZou Jiang Bian
210    @a重庆@c重庆出版社@d1983.8
215    @a386页@d19cm
606 0  @a文学@x作品集@x世界
690    @aI12@v3
701 0  @a邹绛@4编
801    @aCN@bTSTCL@c20031222
905    @dI12@e140:1@f5@b160710-714@b160716-718@f3
    
    外国名家诗选.第一册/邹绛编.-重庆:重庆出版社,1983.8
    386页;19cm
    
    
    ISBN :CNY1.22
    
●
相关链接 在E读中查询图书 在五车中查询图书 在当当中查询图书 在豆瓣中查询图书


正题名:外国名家诗选     索取号:I12/140:1         预约/预借

序号 登录号 条形码 馆藏地/架位号 状态 备注
1 0160710   000087541   第二借阅区/ [索取号:I12/140:1] 在馆    
2 0160711   000087578   第二借阅区/ [索取号:I12/140:1] 在馆    
3 0160712   000087523   第二借阅区/ [索取号:I12/140:1] 在馆    
4 0160713   000087532   第二借阅区/ [索取号:I12/140:1] 在馆    
5 0160714   000087596   第二借阅区/ [索取号:I12/140:1] 在馆    
6 0160716   000087569   第二借阅区/ [索取号:I12/140:1] 在馆    
7 0160717   000087587   第二借阅区/ [索取号:I12/140:1] 在馆    
8 0160718   000087550   第二借阅区/ [索取号:I12/140:1] 在馆    
9 0160719   000087514   第一样本阅览室/ [索取号:I12/140:1] 在馆    
唐山师范学院图书馆 欢迎您!
大连网信软件有限公司© 版权所有